00777cam a2200205Ia 4500020002800000040000800028082002600036245011400062260004300176300002600219650002600245650002700271650001800298650002000316650003500336700002200371942001000393999001700403952015100420 a1567202993 (alk. paper) cDLC00a352 FAO 2000 C101 Or.00aCritical issues in cross-national public administration :bprivatization, democratization, decentralization / aWestport, Conn. :bQuorum Books,c2000 aviii, 260 p. ;c25 cm 0aPublic administration 0aComparative government 0aPrivatization 0aDemocratization 0aDecentralization in government1 aNagel, Stuart S., cAEDBB c20827d20827 0010406352_000000000000000_FAO_2000_C101_OR70992399aLBCbLBCcC101d2022-12-20o352 FAO 2000 C101 Or.pa069802r2022-12-20w2022-12-20yAEDBB